000 00428 a2200133 4500
020 _a8124201684 (hardcover)
020 _a9788124201688 (hardcover)
090 _c5106
_d5106
245 0 0 _aEncyclopaedia of management.
260 _a[S.l.] :
_bCrest Publishing House,
_c2007.
300 _a1 v. (unpaged)
856 4 0 _3Amazon.com
_uhttp://www.amazon.com/exec/obidos/ASIN/8124201684/chopaconline-20
942 _aNBS
_cBK
_k658.03 TAF
999 _c347528
_d347528